| 000 | 00874nam a2200241Ia 4500 | ||
|---|---|---|---|
| 008 | 191130s2004##################000#0#eng## | ||
| 020 | _a9781551116082 | ||
| 022 | _a2004478146 | ||
| 040 |
_aACL _cACL |
||
| 082 | _a305.42094109034 HAM | ||
| 245 |
_aCriminals, idiots, women, and minors : Victorian writing by women on women _cedited by Susan Hamilton |
||
| 250 | _a2nd ed | ||
| 260 |
_aPeterborough, Ont _bBroadview Press _cc2004 |
||
| 300 | _axxvii, 272 p. ; 23 cm | ||
| 500 | _aIncludes bibliographical references | ||
| 650 | _aFeminism - Great Britain - History - 19th century - Sources | ||
| 650 | _aWomen - Great Britain - History - 19th century - Sources | ||
| 650 | _aWomen's rights - Great Britain - History - 19th century - Sources | ||
| 700 | _aHamilton, Susan | ||
| 990 | _a5751a721ac10000c09da0a572a4ccc8a | ||
| 991 | _a171773 | ||
| 999 |
_c141691 _d141691 |
||